000
00334nam a2200133Ia 4500
008
240624s9999 xx 000 0 und d
041
_a
eng
082
_a
425 RAO
100
_a
RAO A RAMA KRISHNA
245
_a
ENJOYING EVERYDAY ENGLISH
260
_c
2010
_a
Hyderabad
_b
Sangam Books
300
_a
166 : p. : cm. ; 26
365
_c
RS
_b
30
999
_c
19736
_d
19736